| 000 | 00549nam a2200205Ia 4500 | ||
|---|---|---|---|
| 005 | 20250508164341.0 | ||
| 008 | 008 250505s9999 xx 000 0 eng d | ||
| 020 | _a0-415-36836-7 | ||
| 037 | _aTextual | ||
| 040 |
_aFEDL _beng _cFEDL |
||
| 041 |
_aeng _2eng |
||
| 084 |
_a418, HUR _qFEDL |
||
| 100 |
_aHurd Stella Ed. _9462278 |
||
| 245 | 0 | _aSuccess with languages | |
| 260 |
_aLondon, UK _bRoutledge _c2005 |
||
| 300 | _axiii,238p. | ||
| 700 |
_a Murphy Linda _9777899 |
||
| 942 |
_cTEXL _h418, HUR |
||
| 999 |
_c1388665 _d1388665 |
||